[Event "115th YMCA Masters"]
[Site "Warszawa"]
[Date "2013.02.08"]
[Round "5"]
[White "Nguyen, Piotr"]
[Black "Przezdziecka, Marta"]
[Result "0-1"]
[WhiteElo "2378"]
[BlackElo "2298"]
[PlyCount "86"]
[EventDate "2013.01.11"]
[EventType "tourn"]
[EventRounds "1"]
[EventCountry "POL"]
[EventCategory "3"]
[SourceDate "2013.01.15"]

1. d4 Nf6 2. Nf3 g6 3. Bg5 d5 4. e3 Bg7 5. Nbd2 O-O 6. Bd3 Nbd7 7. O-O c5 8. c3
b6 9. b4 Bb7 10. Qb1 cxd4 11. cxd4 h6 12. Bh4 g5 13. Bg3 Nh5 14. Rc1 Nxg3 15.
hxg3 g4 16. Nh2 h5 17. Qc2 e5 18. Qc7 Rb8 19. Bf5 Qxc7 20. Rxc7 exd4 21. exd4
Bxd4 22. Re1 Ne5 23. Nb3 Bb2 24. f3 gxf3 25. gxf3 Bc8 26. Bb1 Rb7 27. Rxb7 Bxb7
28. f4 Nc6 29. b5 Nd4 30. Re7 Bc8 31. Bd3 Nf5 32. Re2 Bf6 33. g4 Nd4 34. Nxd4
Bxd4+ 35. Kg2 hxg4 36. f5 Kg7 37. Nxg4 Rh8 38. Kf3 Rh3+ 39. Kf4 Rxd3 40. Re8
Bd7 41. Rd8 Bxb5 42. Rxd5 Ba6 43. f6+ Bxf6 0-1

[Event "115th YMCA Masters"]
[Site "Warszawa"]
[Date "2013.02.06"]
[Round "5"]
[White "Leniart, Arkadiusz"]
[Black "Rudnicki, Milosz"]
[Result "1-0"]
[WhiteElo "2470"]
[BlackElo "2229"]
[PlyCount "117"]
[EventDate "2013.01.11"]
[EventType "tourn"]
[EventRounds "1"]
[EventCountry "POL"]
[EventCategory "3"]
[SourceDate "2013.01.15"]

1. e4 c5 2. Nf3 d6 3. d4 cxd4 4. Nxd4 Nf6 5. Nc3 a6 6. g3 e5 7. Nde2 b5 8. Bg2
Bb7 9. O-O Nbd7 10. a4 b4 11. Nd5 Nxd5 12. exd5 a5 13. c3 Ba6 14. Re1 Be7 15.
cxb4 axb4 16. Be3 O-O 17. f4 Bf6 18. Qd2 Bxe2 19. Rxe2 exf4 20. gxf4 Qa5 21.
Bh3 Nb6 22. Bxb6 Qxb6+ 23. Kg2 Ra5 24. Bd7 Rc5 25. Bc6 g6 26. Rc1 Rxc1 27. Qxc1
b3 28. Qc4 Rc8 29. Qb5 Qd4 30. Qxb3 Qxf4 31. Rf2 Qd4 32. Qf3 Kg7 33. b4 Bh4 34.
Qxf7+ Kh8 35. Rf4 Qd2+ 36. Kh3 Bg5 37. Rg4 Bh6 38. Qf6+ Bg7 39. Qf4 Qe2 40. Bb5
Rc3+ 41. Rg3 Qh5+ 42. Qh4 Qf5+ 43. Qg4 Qc2 44. Qe2 Qf5+ 45. Qg4 Qc2 46. Qe6 Rc8
47. Bd3 Qc1 48. Qe3 Qd1 49. a5 Qh5+ 50. Kg2 Qxd5+ 51. Qe4 Qa2+ 52. Kh3 Be5 53.
Rg2 Qe6+ 54. Qg4 Qe8 55. Rf2 Rc3 56. Rf3 Qc6 57. b5 Qd5 58. b6 Rxd3 59. Qc8+
1-0

[Event "115th YMCA Masters"]
[Site "Warszawa"]
[Date "2013.02.04"]
[Round "5"]
[White "Warszawski, Bartosz"]
[Black "Rudolf, Michal"]
[Result "0-1"]
[WhiteElo "2261"]
[BlackElo "2369"]
[PlyCount "108"]
[EventDate "2013.01.11"]
[EventType "tourn"]
[EventRounds "1"]
[EventCountry "POL"]
[EventCategory "3"]
[SourceDate "2013.01.15"]

1. e4 c6 2. d4 d5 3. e5 Bf5 4. Nc3 a6 5. Be3 e6 6. g4 Bg6 7. Nge2 c5 8. dxc5
Nd7 9. Nf4 Bxc5 10. Bxc5 Nxc5 11. Qd4 Qb6 12. O-O-O Ne7 13. Nxg6 hxg6 14. Na4
Nxa4 15. Qxa4+ Nc6 16. Rd2 O-O 17. h4 Nxe5 18. h5 Nf3 19. Re2 Qd4 20. Qxd4 Nxd4
21. Rd2 Nf3 22. Re2 g5 23. Re3 Nd4 24. Bd3 Rac8 25. h6 g6 26. Kb1 Nc6 27. c4
Rfd8 28. cxd5 Rxd5 29. Be4 Rd4 30. Rc1 Kh7 31. f3 Kxh6 32. Rb3 Rc7 33. Rb6 f5
34. Bxc6 bxc6 35. Rxa6 fxg4 36. fxg4 Rxg4 37. a4 Rf4 38. a5 g4 39. Rb6 Kg5 40.
b4 g3 41. Kb2 Rh7 42. Rbxc6 Rxb4+ 43. Ka3 Rf4 44. Rxe6 g2 45. Re2 Rh3+ 46. Kb2
Rb4+ 47. Ka2 Ra4+ 48. Kb2 Rg3 49. Rg1 Kh4 50. Rexg2 Rxg2+ 51. Rxg2 g5 52. Kc3
Rxa5 53. Kd3 Re5 54. Rg1 g4 0-1

[Event "115th YMCA Masters"]
[Site "Warszawa"]
[Date "2013.02.21"]
[Round "5"]
[White "Skawinski, Arkadiusz"]
[Black "Janczarski, Michal"]
[Result "1/2-1/2"]
[WhiteElo "2239"]
[BlackElo "2335"]
[Annotator "Admin"]
[PlyCount "63"]
[EventDate "2013.01.11"]
[EventType "tourn"]
[EventRounds "1"]
[EventCountry "POL"]
[EventCategory "3"]
[SourceDate "2013.01.15"]

1. e4 c5 2. c3 Nf6 3. e5 Nd5 4. d4 cxd4 5. Nf3 Nc6 6. cxd4 g6 7. Bc4 Nb6 8. Bb3
Bg7 9. d5 Nxe5 10. Nxe5 Bxe5 11. Bh6 d6 12. Nc3 Qd7 13. O-O Qg4 14. Qd2 Qh5 15.
Bf4 Bxf4 16. Qxf4 Qe5 17. Qh6 f5 18. Rae1 Qf6 19. Nb5 Rb8 20. Re2 Bd7 21. Nc7+
Kd8 $11 22. Ne6+ Bxe6 23. Rxe6 Qd4 24. Rd1 Qxb2 25. Rde1 Nc8 26. Qh4 Qg7 27.
Qc4 Nb6 28. Qb5 Rc8 29. Qa5 Rc7 30. Qxa7 Qd4 31. Qa5 Nc8 32. Qb5 $11 1/2-1/2

[Event "115th YMCA Masters"]
[Site "Warszawa"]
[Date "2013.02.08"]
[Round "5"]
[White "Bartel, Michal"]
[Black "Kosiorek, Marek"]
[Result "1-0"]
[WhiteElo "2273"]
[BlackElo "2366"]
[Annotator "Admin"]
[PlyCount "129"]
[EventDate "2013.01.11"]
[EventType "tourn"]
[EventRounds "1"]
[EventCountry "POL"]
[EventCategory "3"]
[SourceDate "2013.01.15"]

1. e4 c5 2. Ne2 Nc6 3. d4 cxd4 4. Nxd4 e6 5. Nc3 Qc7 6. Be3 Nf6 7. Be2 a6 8.
O-O Bd6 9. g3 Be7 10. f4 d6 11. g4 Nxd4 12. Qxd4 e5 13. Qd1 exf4 14. Rxf4 Be6
15. g5 Nd7 16. Bg4 Ne5 17. Bxe6 fxe6 18. Qh5+ g6 19. Qh3 Qd7 20. Rf2 O-O-O 21.
b3 Kb8 22. Rd1 Qc6 23. Bd4 Bxg5 24. Qxe6 Rhe8 25. Qd5 Qc8 26. Kh1 Qh3 27. Ne2
Be3 28. Bxe3 Qxe3 29. Qd4 $11 Ng4 30. Qxe3 Nxe3 31. Rd2 Rxe4 32. Rf7 h5 33. Nf4
Ng4 34. Nxg6 Rg8 35. Rxd6 Ne5 36. Re7 Re1+ 37. Kg2 Nd3 38. Rxe1 Nxe1+ 39. Kf2
Nxc2 40. Kg3 Kc7 41. Rf6 Nb4 42. Kh4 Nxa2 43. Kxh5 Nc1 44. Rf3 Kd6 45. h4 a5
46. Kg5 Ne2 47. h5 Nd4 48. Rf6+ Kd5 49. h6 Ne6+ 50. Kf5 Nd4+ 51. Kf4 Ne6+ 52.
Ke3 Re8 53. Kd2 Nc5 54. Rf5+ Kd4 55. h7 Nxb3+ 56. Kc2 Kc4 57. Re5 Rc8 58. Kb2
Nc5 59. Rf5 Re8 60. h8=Q Rxh8 61. Nxh8 b5 62. Nf7 Nd3+ 63. Kc2 Nb4+ 64. Kb1 Nd5
65. Nd6+ 1-0

[Event "115th YMCA Masters"]
[Site "Warszawa"]
[Date "2013.02.13"]
[Round "5"]
[White "Adamski, Andrzej"]
[Black "Cajbel, Maciej"]
[Result "1-0"]
[WhiteElo "2256"]
[BlackElo "2242"]
[PlyCount "97"]
[EventDate "2013.01.11"]
[EventType "tourn"]
[EventRounds "1"]
[EventCountry "POL"]
[EventCategory "3"]
[SourceDate "2013.01.15"]

1. e4 c5 2. c3 d5 3. exd5 Qxd5 4. d4 Nf6 5. Nf3 e6 6. Be3 cxd4 7. cxd4 Be7 8.
Nc3 Qd6 9. Bc4 O-O 10. O-O Nc6 11. Qe2 b6 12. Rfd1 Na5 13. Bd3 Bb7 14. Ne5 Nd5
15. Rac1 Nxc3 16. bxc3 Rac8 17. c4 f5 18. f4 Bf6 19. Qb2 Qe7 20. Bd2 Bxe5 21.
fxe5 Nc6 22. Bc3 Qg5 23. d5 Ne7 24. Bb4 Rfd8 25. Qf2 Ng6 26. Bd2 Qe7 27. d6 Qd7
28. Re1 Qc6 29. Bg5 Rd7 30. c5 bxc5 31. Qf1 a6 32. Bc4 Re8 33. Rc2 Qa4 34. Bb3
Qd4+ 35. Be3 Qxe5 36. Bxc5 Be4 37. Ba4 Red8 38. Bxd7 Rxd7 39. Qxa6 Qf6 40. Qb5
Rd8 41. Rd2 Qg5 42. Be3 Qh4 43. Rf1 Qg4 44. Bb6 Rxd6 45. Bc5 Rc6 46. Qb8+ Kf7
47. Rd7+ Ne7 48. Rxe7+ Kg6 49. Qb2 1-0

[Event "115th YMCA Masters"]
[Site "Warszawa"]
[Date "2013.02.15"]
[Round "6"]
[White "Przezdziecka, Marta"]
[Black "Cajbel, Maciej"]
[Result "1/2-1/2"]
[WhiteElo "2298"]
[BlackElo "2242"]
[Annotator "Admin"]
[PlyCount "163"]
[EventDate "2013.01.11"]
[EventType "tourn"]
[EventRounds "1"]
[EventCountry "POL"]
[EventCategory "3"]
[SourceDate "2013.01.15"]

1. d4 g6 2. Nf3 Bg7 3. g3 c5 4. Bg2 cxd4 5. Nxd4 Nc6 6. Nb3 Nf6 7. O-O O-O 8.
Nc3 d6 9. e4 Bd7 10. h3 Ne5 11. Nd4 Rc8 12. a4 Qa5 13. Nce2 Qa6 14. Bd2 Nc4 15.
Bc3 e5 16. Nb5 Bxb5 17. axb5 Qxb5 18. b3 Nb6 19. Rxa7 Nbd7 20. Ba1 Nc5 21. Nc3
Qc6 22. Qe2 Ra8 23. Rxa8 Rxa8 24. Bb2 h5 25. Rd1 h4 26. gxh4 Bh6 27. Nd5 Nxd5
28. exd5 Qb6 29. h5 Ra2 30. Rb1 Qb4 31. hxg6 fxg6 32. Qg4 Qxg4 33. hxg4 Bf4 34.
Kf1 Kf7 35. Bf3 Kf6 36. Kg2 Kg5 37. Kf1 b5 38. Kg2 $11 b4 39. Kf1 e4 40. Bd1 e3
41. fxe3 Bxe3 42. Bf3 Kf4 43. Kg2 Ne4 44. Bxe4 Kxe4 45. Kg3 g5 46. Kg2 Bd2 47.
Kg3 Ke3 48. Bf6 Ke2 49. Rb2 Rxb2 50. Bxb2 Kd1 51. Be5 Kxc2 52. Bxd6 Kxb3 53.
Kf3 Kc4 54. Ke4 b3 55. Ba3 Bf4 56. Bb2 Kc5 57. Ba3+ Kc4 58. Bb2 Bd6 59. Kf5
Kxd5 60. Kxg5 Be5 61. Ba3 Ke4 62. Kh5 Kd3 63. g5 Kc2 64. g6 Bg7 65. Kg5 Bf8 66.
Bxf8 b2 67. g7 b1=Q 68. Kg6 Qb3 69. Kh7 Qh3+ 70. Kg8 Kd3 71. Be7 Ke4 72. Kf7
Qh5+ 73. Kf8 Qf5+ 74. Ke8 Qc8+ 75. Kf7 Qf5+ 76. Ke8 Qh7 77. Kf8 Qh6 78. Kf7
Qh5+ 79. Kf8 Qf5+ 80. Ke8 Qc8+ 81. Kf7 Qf5+ 82. Ke8 1/2-1/2

[Event "115th YMCA Masters"]
[Site "Warszawa"]
[Date "2013.02.22"]
[Round "6"]
[White "Kosiorek, Marek"]
[Black "Adamski, Andrzej"]
[Result "0-1"]
[WhiteElo "2366"]
[BlackElo "2256"]
[PlyCount "56"]
[EventDate "2013.01.11"]
[EventType "tourn"]
[EventRounds "1"]
[EventCountry "POL"]
[EventCategory "3"]
[SourceDate "2013.01.15"]

1. d4 Nf6 2. c4 g6 3. Nc3 Bg7 4. e4 d6 5. Nf3 O-O 6. Be2 e5 7. O-O Nc6 8. d5
Ne7 9. Ne1 Ne8 10. Be3 f5 11. f3 f4 12. Bf2 g5 13. c5 Rf6 14. cxd6 cxd6 15. Qb3
Nc7 16. Nd3 Rg6 17. Rac1 g4 18. fxg4 Bh6 19. Rc2 Bxg4 20. Bxg4 Rxg4 21. Nxe5
dxe5 22. d6+ Kh8 23. dxc7 Qc8 24. Nb5 Nc6 25. Rd1 Rxg2+ 26. Kh1 Qg4 27. Rxc6
Rxf2 28. Rd8+ Bf8 0-1

[Event "115th YMCA Masters"]
[Site "Warszawa"]
[Date "2013.02.13"]
[Round "6"]
[White "Janczarski, Michal"]
[Black "Bartel, Michal"]
[Result "1/2-1/2"]
[WhiteElo "2335"]
[BlackElo "2273"]
[Annotator "Admin"]
[PlyCount "59"]
[EventDate "2013.01.11"]
[EventType "tourn"]
[EventRounds "1"]
[EventCountry "POL"]
[EventCategory "3"]
[SourceDate "2013.01.15"]

1. d4 d5 2. c4 dxc4 3. e4 Nf6 4. e5 Nd5 5. Bxc4 Nb6 6. Bd3 Nc6 7. Be3 Nb4 8.
Be4 f5 9. a3 N4d5 10. Bd3 Nxe3 11. fxe3 e6 12. Nf3 g5 13. Nc3 g4 14. Nd2 c5 15.
Nc4 cxd4 16. Nxb6 Qxb6 17. Bb5+ Kf7 18. exd4 Bh6 19. Qd3 a6 20. Bc4 Qxb2 21.
O-O Kg7 22. Ra2 Qb6 23. Kh1 Rd8 24. d5 Qe3 25. Qxe3 Bxe3 26. dxe6 Bd4 27. e7
Re8 28. Nd5 Be6 29. Rd2 Bxe5 30. Re2 $11 1/2-1/2

[Event "115th YMCA Masters"]
[Site "Warszawa"]
[Date "2013.02.15"]
[Round "6"]
[White "Rudolf, Michal"]
[Black "Skawinski, Arkadiusz"]
[Result "0-1"]
[WhiteElo "2369"]
[BlackElo "2239"]
[PlyCount "74"]
[EventDate "2013.01.11"]
[EventType "tourn"]
[EventRounds "1"]
[EventCountry "POL"]
[EventCategory "3"]
[SourceDate "2013.01.15"]

1. e4 e6 2. d4 d5 3. Nd2 Nc6 4. Ngf3 Nf6 5. e5 Nd7 6. Bb5 a6 7. Ba4 b5 8. Bb3
Na5 9. c3 Nxb3 10. axb3 c5 11. dxc5 Bxc5 12. b4 Bb6 13. Nb3 f6 14. Qe2 O-O 15.
O-O fxe5 16. Nxe5 Nxe5 17. Qxe5 Bc7 18. Qg5 Qd6 19. Qg3 e5 20. Be3 Rf6 21. Bc5
Qc6 22. Rad1 Bf5 23. Rd2 Rg6 24. Qh4 Bd8 25. Be7 Rg4 26. Bxd8 Rxh4 27. Bxh4 d4
28. cxd4 Qc4 29. Nc1 Qxb4 30. Rfd1 exd4 31. Rxd4 Qxb2 32. g4 Bc2 33. Rd8+ Rxd8
34. Rxd8+ Kf7 35. Ne2 Be4 36. Rd7+ Ke6 37. Re7+ Kd6 0-1

[Event "115th YMCA Masters"]
[Site "Warszawa"]
[Date "2013.02.15"]
[Round "6"]
[White "Rudnicki, Milosz"]
[Black "Warszawski, Bartosz"]
[Result "0-1"]
[WhiteElo "2229"]
[BlackElo "2261"]
[PlyCount "54"]
[EventDate "2013.01.11"]
[EventType "tourn"]
[EventRounds "1"]
[EventCountry "POL"]
[EventCategory "3"]
[SourceDate "2013.01.15"]

1. e4 c5 2. Nf3 e6 3. d4 cxd4 4. Nxd4 Nc6 5. Nc3 Qc7 6. Be2 a6 7. O-O Nf6 8.
Be3 Bb4 9. Na4 Be7 10. Nxc6 bxc6 11. Nb6 Rb8 12. Nxc8 Qxc8 13. Bd4 c5 14. Be5
Rb6 15. Bf3 O-O 16. c4 d6 17. Bc3 Nd7 18. Rb1 Bf6 19. Ba5 Rxb2 20. Rxb2 Bxb2
21. Qxd6 Ne5 22. Bc7 Bd4 23. Rb1 Nxc4 24. Qc6 Be5 25. Rc1 Bxc7 26. Kh1 Ne5 27.
Qxc5 Nd3 0-1

[Event "115th YMCA Masters"]
[Site "Warszawa"]
[Date "2013.02.27"]
[Round "6"]
[White "Nguyen, Piotr"]
[Black "Leniart, Arkadiusz"]
[Result "0-1"]
[WhiteElo "2378"]
[BlackElo "2470"]
[Annotator "Admin"]
[PlyCount "96"]
[EventDate "2013.01.11"]
[EventType "tourn"]
[EventRounds "1"]
[EventCountry "POL"]
[EventCategory "3"]
[SourceDate "2013.01.15"]

1. c4 e6 2. g3 d5 3. Nf3 c5 4. Bg2 Nc6 5. cxd5 exd5 6. d4 Nf6 7. O-O h6 8. Nc3
Be6 9. Be3 c4 10. Ne5 Bd6 11. f4 O-O 12. h3 Qb6 13. Qd2 Rad8 14. Rad1 Bxe5 15.
fxe5 Nh7 16. Kh2 f6 $11 17. exf6 Rxf6 18. Qc2 Ne7 19. Bf4 Ng6 20. Bxh6 Rxf1 21.
Rxf1 Ne7 22. Be3 Nf6 23. Na4 Qc6 24. Nc5 Bc8 25. Bg5 b6 26. Na4 Qe6 27. Nc3 Nf5
28. Bxf6 gxf6 29. b3 Kg7 30. Rf3 Nxd4 31. Qd2 Nxf3+ 32. exf3 d4 33. bxc4 Qe3
34. Ne4 Qxd2 35. Nxd2 Re8 36. Bf1 Re1 37. Kg2 Rd1 38. Nb3 Bxh3+ 39. Kxh3 Rxf1
40. Nxd4 Ra1 41. Kg4 Rxa2 42. f4 Ra4 43. Nf5+ Kf7 44. Kf3 Ke6 45. Ne3 Ra3 46.
g4 a5 47. Ke4 a4 48. f5+ Kf7 0-1

[Event "115th YMCA Masters"]
[Site "Warszawa"]
[Date "2013.02.22"]
[Round "7"]
[White "Leniart, Arkadiusz"]
[Black "Przezdziecka, Marta"]
[Result "1/2-1/2"]
[WhiteElo "2470"]
[BlackElo "2298"]
[Annotator "Admin"]
[PlyCount "67"]
[EventDate "2013.01.11"]
[EventType "tourn"]
[EventRounds "1"]
[EventCountry "POL"]
[EventCategory "3"]
[SourceDate "2013.01.15"]

1. e4 c5 2. Nc3 Nc6 3. Nf3 d6 4. g3 g6 5. d4 cxd4 6. Nxd4 Bg7 7. Nde2 Bg4 8.
Bg2 Nf6 9. O-O O-O 10. h3 Be6 11. Nd5 Rc8 12. c3 Ne5 13. Bg5 Bxd5 14. exd5 a5
15. a4 h6 16. Be3 Nc4 17. Bc1 Qc7 18. b3 Nb6 19. Ra2 Rfe8 20. c4 Nbd7 21. Nd4
Nc5 22. Re2 Qd7 23. Bb2 Nh7 24. Rfe1 Nf8 25. h4 e5 26. dxe6 Nfxe6 27. Nxe6 Nxe6
28. Bxg7 Nxg7 29. Kh2 Rxe2 30. Rxe2 b6 31. Bh3 f5 32. Qd4 Re8 33. Rxe8+ Nxe8
34. Qxb6 $11 1/2-1/2

[Event "115th YMCA Masters"]
[Site "Warszawa"]
[Date "2013.02.20"]
[Round "7"]
[White "Warszawski, Bartosz"]
[Black "Nguyen, Piotr"]
[Result "0-1"]
[WhiteElo "2261"]
[BlackElo "2378"]
[PlyCount "106"]
[EventDate "2013.01.11"]
[EventType "tourn"]
[EventRounds "1"]
[EventCountry "POL"]
[EventCategory "3"]
[SourceDate "2013.01.15"]

1. e4 e6 2. d4 d5 3. Nc3 Bb4 4. exd5 exd5 5. Bd3 Nf6 6. Bg5 O-O 7. Nge2 c6 8.
O-O Nbd7 9. Ng3 Re8 10. Qf3 h6 11. Bf4 Nf8 12. Be5 N8d7 13. Rfe1 Nxe5 14. Rxe5
Rxe5 15. dxe5 Ng4 16. Re1 Qg5 17. Qe2 Bc5 18. Nd1 Bd7 19. e6 Bxe6 20. Nf1 Re8
21. h3 Nf6 22. Qf3 Bf8 23. Qg3 Qxg3 24. Nxg3 g6 25. c3 b5 26. Ne3 a5 27. a3 Rb8
28. Ne2 Bd7 29. b4 Ra8 30. Nc2 Ne8 31. Ned4 Nd6 32. Nb3 axb4 33. axb4 Ra2 34.
Ncd4 Nc4 35. Nc5 Bxc5 36. bxc5 Kf8 37. Bxc4 bxc4 38. Rb1 Ra5 39. Rb7 Be8 40. f4
Rxc5 41. f5 g5 42. f6 Ra5 43. Rb8 Ra1+ 44. Kh2 Rf1 45. Nxc6 Rxf6 46. Nb4 Rd6
47. Kg3 d4 48. cxd4 Rxd4 49. Rc8 Ke7 50. Kf3 Bd7 51. Rh8 c3 52. Nc2 Rd2 53. Ne3
c2 0-1

[Event "115th YMCA Masters"]
[Site "Warszawa"]
[Date "2013.02.22"]
[Round "7"]
[White "Skawinski, Arkadiusz"]
[Black "Rudnicki, Milosz"]
[Result "1-0"]
[WhiteElo "2239"]
[BlackElo "2229"]
[PlyCount "115"]
[EventDate "2013.01.11"]
[EventType "tourn"]
[EventRounds "1"]
[EventCountry "POL"]
[EventCategory "3"]
[SourceDate "2013.01.15"]

1. e4 c5 2. c3 d5 3. d3 dxe4 4. dxe4 Qxd1+ 5. Kxd1 Nf6 6. f3 Nc6 7. Be3 e5 8.
Bb5 Bd7 9. Nd2 O-O-O 10. Kc2 Na5 11. Bxd7+ Nxd7 12. Nh3 f6 13. Nf2 b6 14. b3
Be7 15. a4 Nf8 16. Nd3 Ne6 17. g3 Rd7 18. Rhd1 Rhd8 19. Nb2 Kb7 20. Ndc4 Nc6
21. Nd3 g6 22. Rd2 Kc8 23. Rad1 Bf8 24. h4 Bg7 25. g4 Bf8 26. Ne1 Rxd2+ 27.
Bxd2 Bg7 28. Ng2 Ne7 29. Rh1 Kc7 30. h5 g5 31. Ra1 Bf8 32. Nge3 Nf4 33. Nf1 Nc6
34. Ng3 Rd7 35. Nf5 Ne7 36. Bxf4 exf4 37. Re1 Nxf5 38. exf5 Re7 39. Rxe7+ Bxe7
40. Kd3 Kc6 41. Na3 a6 42. Kc4 a5 43. Nb5 Bf8 44. Na7+ Kb7 45. Kd5 Kxa7 46. Ke6
b5 47. c4 bxa4 48. bxa4 Kb7 49. Kf7 Bd6 50. h6 Kc7 51. Kg7 Kd7 52. Kxh7 Bf8 53.
Kg6 Bxh6 54. Kxh6 Kd6 55. Kg7 Ke5 56. Kf7 Kd4 57. Kxf6 Kxc4 58. Kxg5 1-0

[Event "115th YMCA Masters"]
[Site "Warszawa"]
[Date "2013.02.18"]
[Round "7"]
[White "Bartel, Michal"]
[Black "Rudolf, Michal"]
[Result "1/2-1/2"]
[WhiteElo "2273"]
[BlackElo "2369"]
[Annotator "Admin"]
[PlyCount "24"]
[EventDate "2013.01.11"]
[EventType "tourn"]
[EventRounds "1"]
[EventCountry "POL"]
[EventCategory "3"]
[SourceDate "2013.01.15"]

1. e4 e6 2. Nc3 d5 3. d4 Bb4 4. exd5 exd5 5. Bd3 c6 6. Qf3 Qf6 7. Qxf6 Nxf6 8.
Bg5 Ne4 9. Bxe4 dxe4 10. Nge2 Bf5 11. O-O-O Bg6 12. a3 Bxc3 $11 1/2-1/2

[Event "115th YMCA Masters"]
[Site "Warszawa"]
[Date "2013.02.20"]
[Round "7"]
[White "Adamski, Andrzej"]
[Black "Janczarski, Michal"]
[Result "0-1"]
[WhiteElo "2256"]
[BlackElo "2335"]
[PlyCount "92"]
[EventDate "2013.01.11"]
[EventType "tourn"]
[EventRounds "1"]
[EventCountry "POL"]
[EventCategory "3"]
[SourceDate "2013.01.15"]

1. e4 c5 2. Nf3 d6 3. d4 cxd4 4. Nxd4 Nf6 5. Nc3 a6 6. Be2 e6 7. O-O Be7 8. f4
Qc7 9. Be3 O-O 10. Qe1 b5 11. a3 Bb7 12. Bf3 Nc6 13. Qg3 Nd7 14. Rad1 Rfe8 15.
f5 Nxd4 16. Bxd4 Ne5 17. Bh5 exf5 18. Rxf5 g6 19. Rdf1 Bf8 20. Be2 Bg7 21. R5f4
Nf3+ 22. R4xf3 Bxd4+ 23. Kh1 Re7 24. Qh4 Bg7 25. Rh3 h6 26. Qf4 Rae8 27. Bd3
Qc5 28. Qc1 h5 29. Nd5 Bxd5 30. exd5 Qxd5 31. Rhf3 Qc6 32. c4 Rc7 33. Qg5 bxc4
34. Bxg6 fxg6 35. Qxg6 Qd7 36. Rf5 Qe7 37. h3 h4 38. Kh2 Rc5 39. Rf7 Qe5+ 40.
R1f4 Kh8 41. R7f5 Re6 42. Qf7 Qe1 43. Rg4 Re7 44. Qh5+ Kg8 45. Rxc5 dxc5 46.
Qd5+ Qe6 0-1

[Event "115th YMCA Masters"]
[Site "Warszawa"]
[Date "2013.02.19"]
[Round "7"]
[White "Cajbel, Maciej"]
[Black "Kosiorek, Marek"]
[Result "1-0"]
[WhiteElo "2242"]
[BlackElo "2366"]
[PlyCount "107"]
[EventDate "2013.01.11"]
[EventType "tourn"]
[EventRounds "1"]
[EventCountry "POL"]
[EventCategory "3"]
[SourceDate "2013.01.15"]

1. e4 c5 2. Nc3 Nc6 3. Bb5 e5 4. Bxc6 dxc6 5. d3 Bd6 6. h3 Ne7 7. Nf3 Ng6 8.
O-O O-O 9. Ne2 Re8 10. Bg5 Qc7 11. Qd2 Be6 12. Qc3 b6 13. a4 a5 14. Rfe1 c4 15.
Qd2 cxd3 16. cxd3 c5 17. Nc3 Qd7 18. Nh2 f6 19. Be3 Rad8 20. Qe2 Bf8 21. Red1
Bb3 22. Rd2 Ne7 23. f4 exf4 24. Bxf4 Nd5 25. Nxd5 Bxd5 26. Qg4 Be6 27. Qg3 Qd4+
28. Kh1 Bd6 29. Nf3 Bxf4 30. Qxf4 Qd6 31. Qh4 Bf7 32. Qg4 Qd7 33. Qg3 Qb7 34.
Nh4 Re5 35. Nf3 Re7 36. Nh4 Qc7 37. Qf3 Red7 38. Rf1 Bc4 39. Qg4 Kh8 40. e5
Rxd3 41. Ng6+ hxg6 42. Qh4+ Kg8 43. Qxc4+ Qf7 44. e6 Rxd2 45. exf7+ Kf8 46. Re1
Rd1 47. Rxd1 Rxd1+ 48. Kh2 Rd6 49. Qf4 Re6 50. Qc7 g5 51. Qd7 Re4 52. b3 g6 53.
Qd8+ Kxf7 54. Qxb6 1-0

[Event "115th YMCA Masters"]
[Site "Warszawa"]
[Date "2013.03.12"]
[Round "8"]
[White "Przezdziecka, Marta"]
[Black "Kosiorek, Marek"]
[Result "1/2-1/2"]
[WhiteElo "2298"]
[BlackElo "2366"]
[PlyCount "219"]
[EventDate "2013.01.11"]
[EventType "tourn"]
[EventRounds "1"]
[EventCountry "POL"]
[EventCategory "3"]
[SourceDate "2013.01.15"]

1. d4 Nf6 2. Nf3 d5 3. c4 e6 4. Nc3 Be7 5. Bf4 O-O 6. e3 c6 7. Qc2 Nbd7 8. Rd1
Qa5 9. Nd2 Nh5 10. Bd3 Nxf4 11. Bxh7+ Kh8 12. exf4 g6 13. Bxg6 fxg6 14. Qxg6
Nf6 15. Nf3 dxc4 16. Ne5 Bb4 17. O-O Qc7 18. Qh6+ Qh7 19. Ng6+ Kg8 20. Qxh7+
Kxh7 21. Nxf8+ Bxf8 22. Rfe1 Bd7 23. Ne4 Nxe4 24. Rxe4 Bd6 25. Rde1 Rd8 26. g3
Kg7 27. h4 Rf8 28. Kg2 Rf5 29. Kf3 b5 30. g4 Rd5 31. h5 Bb4 32. Rc1 Bd2 33. Rc2
Ba5 34. g5 Bb6 35. Ke3 a5 36. Rc1 a4 37. h6+ Kh7 38. Rh1 Be8 39. Rxe6 Bxd4+ 40.
Ke2 Bg6 41. Rxc6 Rd7 42. Rd1 Re7+ 43. Kf1 Bxb2 44. Rdd6 Bd3+ 45. Kg1 b4 46. Rc8
b3 47. axb3 axb3 48. f5 Bxf5 49. Rxc4 Ba3 50. Rb6 Bc2 51. Rc3 Rd7 52. Rcxb3
Bxb3 53. Rxb3 Bc1 54. Rb5 Rd4 55. Kg2 Kg6 56. Rb6+ Kxg5 57. Rc6 Bd2 58. Ra6 Rd7
59. Rc6 Kh5 60. Ra6 Bxh6 61. Ra5+ Kg4 62. Ra6 Bf4 63. Rg6+ Kf5 64. Rg8 Rh7 65.
Kf3 Rh3+ 66. Ke2 Ke4 67. Ra8 Be5 68. Ra4+ Bd4 69. Ra8 Rb3 70. Rf8 Bc5 71. Rf7
Rb1 72. Kd2 Rb2+ 73. Ke1 Kd3 74. Kf1 Rb1+ 75. Kg2 Ke2 76. Rf6 Bd4 77. Rf8 Rb7
78. Re8+ Kd3 79. Rf8 Rg7+ 80. Kf1 Kd2 81. Rd8 Rg4 82. Rf8 Kd1 83. Rf7 Re4 84.
Rf8 Re1+ 85. Kg2 Re2 86. Kf1 Rd2 87. Rf7 Kc2 88. Rf8 Kd3 89. Rf3+ Ke4 90. Rf7
Rd1+ 91. Kg2 Bc5 92. Rf6 Rd8 93. Rf7 Kd3 94. Kf1 Bd4 95. Rf5 Rd7 96. Rf8 Rg7
97. Rf5 Ke4 98. Rf8 Be5 99. Ke2 Rg1 100. Rf7 Bc3 101. Re7+ Kf4 102. Rf7+ Kg4
103. Kd3 Be5 104. Ke2 Ra1 105. Rf8 Bc3 106. Rg8+ Kh4 107. Rf8 Be5 108. Kf3 Kh3
109. Rf5 Ra3+ 110. Ke2 1/2-1/2

[Event "115th YMCA Masters"]
[Site "Warszawa"]
[Date "2013.02.27"]
[Round "8"]
[White "Janczarski, Michal"]
[Black "Cajbel, Maciej"]
[Result "1-0"]
[WhiteElo "2335"]
[BlackElo "2242"]
[PlyCount "97"]
[EventDate "2013.01.11"]
[EventType "tourn"]
[EventRounds "1"]
[EventCountry "POL"]
[EventCategory "3"]
[SourceDate "2013.01.15"]

1. d4 Nf6 2. c4 c5 3. d5 e6 4. Nc3 exd5 5. cxd5 d6 6. Nf3 g6 7. Bf4 a6 8. a4
Bg7 9. h3 O-O 10. e3 Qe7 11. Be2 Nbd7 12. O-O b6 13. Nd2 Ne8 14. Ra3 f5 15. Nc4
Rb8 16. Rb3 g5 17. Bh2 f4 18. exf4 gxf4 19. Re1 Qh4 20. Bg4 Bd4 21. Qf3 h5 22.
Be6+ Kh8 23. Re4 Ne5 24. Nxe5 dxe5 25. Bxc8 Rxc8 26. Rxb6 Rf6 27. Rxf6 Nxf6 28.
Re2 Rd8 29. Kh1 Kg7 30. Ne4 Nxd5 31. Bg1 Ne7 32. Rc2 Rc8 33. Qb3 Rf8 34. Qf3
Rc8 35. Kh2 Nf5 36. g3 fxg3+ 37. fxg3 Bxg1+ 38. Kg2 Qe7 39. Qxf5 Rf8 40. Qxh5
Be3 41. Re2 Bd4 42. Ng5 Kg8 43. Qg6+ Kh8 44. h4 Rf6 45. Qe4 Kg8 46. Nf3 Re6 47.
b4 Kg7 48. bxc5 Qc7 49. Nxd4 1-0

[Event "115th YMCA Masters"]
[Site "Warszawa"]
[Date "2013.03.01"]
[Round "8"]
[White "Rudolf, Michal"]
[Black "Adamski, Andrzej"]
[Result "1-0"]
[WhiteElo "2369"]
[BlackElo "2256"]
[PlyCount "87"]
[EventDate "2013.01.11"]
[EventType "tourn"]
[EventRounds "1"]
[EventCountry "POL"]
[EventCategory "3"]
[SourceDate "2013.01.15"]

1. d4 d5 2. c4 e6 3. Nc3 c5 4. cxd5 exd5 5. Nf3 Nf6 6. g3 Nc6 7. Bg2 Be7 8. O-O
O-O 9. dxc5 Bxc5 10. Bg5 Be6 11. Rc1 Be7 12. Nd4 Nxd4 13. Qxd4 Qa5 14. Qa4 Qxa4
15. Nxa4 Rac8 16. Rfd1 b5 17. Nc3 b4 18. Nb5 a6 19. Na7 Rxc1 20. Rxc1 h6 21.
Bf4 Ne4 22. Nc6 Bf6 23. Nxb4 Bxb2 24. Rc2 Bf6 25. Nxa6 Nc3 26. Nc7 Rb8 27. Nxe6
Rb1+ 28. Bf1 fxe6 29. Bd6 Ra1 30. a3 Nb5 31. Bb4 Nxa3 32. Rc8+ Kf7 33. e3 Nc4
34. Kg2 e5 35. Bxc4 dxc4 36. Rxc4 Ra7 37. Kf3 Ra4 38. Rc7+ Ke6 39. Bf8 e4+ 40.
Kg2 g5 41. Bxh6 Be5 42. Rc6+ Kf5 43. Rc5 Kg6 44. Bxg5 1-0